| 000 | 00840nam a2200253Ia 4500 | ||
|---|---|---|---|
| 003 | OSt | ||
| 005 | 20220918190937.0 | ||
| 006 | a|||||r|||| 00| 0 | ||
| 007 | ta | ||
| 008 | 220917b |||||||| |||| 00| 0 eng d | ||
| 024 | _a60,564 | ||
| 037 | _cTextual | ||
| 040 |
_aARTS _cARTS _beng |
||
| 041 |
_2eng _aeng |
||
| 082 | _aQ0aY, K4 | ||
| 100 |
_aLee Robert Ed. _974228 |
||
| 245 | 0 |
_aReligion and social conflicts _b based upon lectures given at the Institute of Ethics and Society at San Francisco Theological Seminary ed. by Robert Lee and Martin E. Marty |
|
| 260 |
_aNew York _bOxford University Press USA _c1964 |
||
| 300 |
_avii,193p. _ccm. |
||
| 650 | _aRELIGION | ||
| 700 |
_a Marty Martin E. Ed. _974229 |
||
| 942 |
_hQ0aY, K4 _cTEXL _2CC |
||
| 999 |
_c187482 _d187482 |
||